Etica y diálogo (Record no. 10803)

MARC details
000 -LEADER
campo de control de longitud fija 01517nam a22003855i 4500
001 - NÚMERO DE CONTROL
campo de control 10803
003 - IDENTIFICADOR DE NÚMERO DE CONTROL
campo de control ES-MaACL
005 - FECHA Y HORA DE LA ÚLTIMA TRANSACCIÓN
campo de control 20250718062530.0
007 - CAMPO FIJO DE DESCRIPCIÓN FÍSICA--INFORMACIÓN GENERAL
campo de control de longitud fija t|
008 - DATOS DE LONGITUD FIJA--INFORMACIÓN GENERAL
campo de control de longitud fija 941021s1994 sp ||||0| spa j
020 ## - NÚMERO INTERNACIONAL ESTÁNDAR DEL LIBRO
Número Internacional Estándar del Libro 84-7658-432-6
040 ## - FUENTE DE CATALOGACIÓN
Centro catalogador/agencia de origen M-BN
Lengua de catalogación spa
Centro/agencia transcriptor M-BN
080 ## - NÚMERO DE LA CLASIFICACIÓN DECIMAL UNIVERSAL
Número de la Clasificación Decimal Universal 1 Kant, Immanuel
080 ## - NÚMERO DE LA CLASIFICACIÓN DECIMAL UNIVERSAL
Número de la Clasificación Decimal Universal 1 Habermas, Jürgen
080 ## - NÚMERO DE LA CLASIFICACIÓN DECIMAL UNIVERSAL
Número de la Clasificación Decimal Universal 1 Apel, Karl-Otto
080 ## - NÚMERO DE LA CLASIFICACIÓN DECIMAL UNIVERSAL
Número de la Clasificación Decimal Universal 17
100 1# - ENTRADA PRINCIPAL--NOMBRE DE PERSONA
Nombre de persona Wellmer, Albrecht.
9 (RLIN) 116454
245 10 - MENCIÓN DEL TÍTULO
Título Etica y diálogo
Resto del título : elementos del juicio moral en Kant y en la ética del discurso /
Mención de responsabilidad, etc. Albrecht Wellmer ; prólogo de María Pía Lara ; traducción y glosario de Fabio Morales.
250 ## - MENCION DE EDICION
Mención de edición 1ª ed.
260 ## - PUBLICACIÓN, DISTRIBUCIÓN, ETC.
Lugar de publicación, distribución, etc. Barcelona :
Nombre del editor, distribuidor, etc. Anthropos ;
Lugar de publicación, distribución, etc. Iztapalapa, México :
Nombre del editor, distribuidor, etc. Universidad Autónoma Metropolitana,
Fecha de publicación, distribución, etc. 1994.
300 ## - DESCRIPCIÓN FÍSICA
Extensión 255 p ;
Dimensiones 20 cm.
490 1# - MENCIÓN DE SERIE
Mención de serie Pensamiento crítico/pensamiento utópico ;
Designación de volumen o secuencia 84.
Mención de serie Filosofía política
504 ## - NOTA DE BIBLIOGRAFÍA, ETC.
Nota de bibliografía, etc. Bibliografía. Indice.
600 14 - PUNTO DE ACCESO ADICIONAL DE MATERIA--NOMBRE DE PERSONA
Nombre de persona Kant, Immanuel,
Fechas asociadas al nombre 1724-1804-
Subdivisión general Crítica e interpretación
9 (RLIN) 67497
600 14 - PUNTO DE ACCESO ADICIONAL DE MATERIA--NOMBRE DE PERSONA
Nombre de persona Habermas, Jürgen-
Subdivisión general Crítica e interpretación.
9 (RLIN) 61377
600 14 - PUNTO DE ACCESO ADICIONAL DE MATERIA--NOMBRE DE PERSONA
Nombre de persona Apel, Karl-Otto-
Subdivisión general Crítica e interpretación.
9 (RLIN) 22088
650 17 - PUNTO DE ACCESO ADICIONAL DE MATERIA--TÉRMINO DE MATERIA
Término de materia o nombre geográfico como elemento de entrada Ética
Fuente del encabezamiento o término embne
9 (RLIN) 12577
700 1# - ENTRADA AGREGADA--NOMBRE PERSONAL
Nombre de persona Lara Zavala, María Pía.
9 (RLIN) 70222
700 1# - ENTRADA AGREGADA--NOMBRE PERSONAL
Nombre de persona Morales, Fabio.
9 (RLIN) 82983
710 2# - ENTRADA AGREGADA--NOMBRE DE ENTIDAD CORPORATIVA
Nombre de entidad corporativa o nombre de jurisdicción como elemento de entrada Universidad Autónoma Metropolitana.
9 (RLIN) 169907
830 0# - PUNTO DE ACCESO ADICIONAL DE SERIE-TÍTULO UNIFORME
Título uniforme Pensamiento crítico/pensamiento utópico ;
Designación de volumen o secuencia 84.
Título uniforme Filosofía política
9 (RLIN) 178376
852 ## - LOCALIZACIÓN
Ubicación ES-MaACL
Número de control de estantería L-18083
Sublocalización o colección R.122604
Holdings
Estatus retirado Estado de pérdida Estado de daño No para préstamo Biblioteca de origen Biblioteca actual Ubicación en estantería Fecha de adquisición Fuente de adquisición Total de préstamos Signatura topográfica completa Código de barras Visto por última vez Precio de reemplazo Tipo de ítem Koha
        Biblioteca del Ateneo de Madrid Biblioteca del Ateneo de Madrid Depósito 2 17/01/2008     L-18083 1011021 23/02/2023 23/02/2023 Libro impreso